书目信息 |
| 题名: |
无机化学实验
|
|
| 作者: | ;北京师范大学无机化学教研室 编 | |
| 分册: | ||
| 出版信息: | 北京 高等教育出版社 1991 |
|
| 页数: | 244页 | |
| 开本: | 25cm | |
| 丛书名: | ||
| 单 册: | ||
| 中图分类: | O61-3 | |
| 科图分类: | ||
| 主题词: | 无机化学 | |
| 电子资源: | ||
| ISBN: | 7-04-003276-7 | |
| 000 | 00796nam0 2200253 45 | |
| 001 | 0183012243 | |
| 005 | 20070608114317.09 | |
| 010 | @a7-04-003276-7@dCNY15.50 | |
| 100 | @a19950316f1991 em y0chiy0121 ea | |
| 101 | 0 | @achi |
| 102 | @aCN@b110000 | |
| 102 | @aCN@b110000 | |
| 105 | @ay z 000yy | |
| 200 | 10 | @a无机化学实验@Awu ji hua xue shi yan@f北京师范大学无机化学教研室编@Fbei jing shi fan da xue wu ji hua xue jiao yan shi bian |
| 205 | @a2版 | |
| 210 | @a北京@c高等教育出版社@d1991@h2000 | |
| 215 | @a244页@d25cm | |
| 300 | @a高等学校试用教材 | |
| 606 | 0 | @a无机化学 |
| 690 | @aO61-3@v3 | |
| 711 | 02 | @a北京师范大学无机化学教研室@Abei jing shi fan da xue wu ji hua xue jiaoyan shi@4编 |
| 801 | 0 | @aCN@b上海图书馆@c20070608 |
| 801 | 2 | @aCN@bNLC@c20060508 |
| 905 | @dO61-3@e14=2 | |
| 无机化学实验/北京师范大学无机化学教研室编.-2版.-北京:高等教育出版社,1991(2000) |
| 244页;25cm |
| 高等学校试用教材 |
| ISBN 7-04-003276-7:CNY15.50 |
| ● |
| 相关链接 |
|
|
|
|
正题名:无机化学实验
索取号:O61-3/14=2
 
预约/预借
| 序号 | 登录号 | 条形码 | 馆藏地/架位号 | 状态 | 备注 |
| 1 | 0519206 | 205192067 | 第二样本阅览室/ [索取号:O61-3/14=2] | 在馆 | |
| 2 | 0519207 | 205192076 | 密集书库/ [索取号:O61-3/14=2] | 在馆 | |
| 3 | 0519208 | 205192085 | 密集书库/ [索取号:O61-3/14=2] | 在馆 | |
| 4 | 0519209 | 205192094 | 密集书库/ [索取号:O61-3/14=2] | 在馆 | |
| 5 | 0519210 | 205192101 | 密集书库/ [索取号:O61-3/14=2] | 在馆 | |
| 6 | 0519211 | 205192110 | 密集书库/ [索取号:O61-3/14=2] | 在馆 | |
| 7 | 0519212 | 205192129 | 密集书库/ [索取号:O61-3/14=2] | 在馆 | |
| 8 | 0519213 | 205192138 | 密集书库/ [索取号:O61-3/14=2] | 在馆 | |
| 9 | 0519214 | 205192147 | 密集书库/ [索取号:O61-3/14=2] | 在馆 | |
| 10 | 0519215 | 205192156 | 密集书库/ [索取号:O61-3/14=2] | 在馆 | |
| 11 | 0519216 | 205192165 | 密集书库/ [索取号:O61-3/14=2] | 在馆 | |
| 12 | 0519217 | 205192174 | 密集书库/ [索取号:O61-3/14=2] | 在馆 | |
| 13 | 0519218 | 205192183 | 密集书库/ [索取号:O61-3/14=2] | 在馆 | |
| 14 | 0519219 | 205192192 | 密集书库/ [索取号:O61-3/14=2] | 在馆 | |
| 15 | 0519220 | 205192209 | 密集书库/ [索取号:O61-3/14=2] | 在馆 | |
| 16 | 0519221 | 205192218 | 密集书库/ [索取号:O61-3/14=2] | 在馆 | |
| 17 | 0519222 | 205192227 | 密集书库/ [索取号:O61-3/14=2] | 在馆 | |
| 18 | 0519223 | 205192236 | 密集书库/ [索取号:O61-3/14=2] | 在馆 | |
| 19 | 0519224 | 205192245 | 密集书库/ [索取号:O61-3/14=2] | 在馆 | |
| 20 | 0519225 | 205192254 | 密集书库/ [索取号:O61-3/14=2] | 在馆 | |
| 21 | 0519226 | 205192263 | 密集书库/ [索取号:O61-3/14=2] | 在馆 | |
| 22 | 0519227 | 205192272 | 密集书库/ [索取号:O61-3/14=2] | 在馆 | |
| 23 | 0519228 | 205192281 | 密集书库/ [索取号:O61-3/14=2] | 在馆 | |
| 24 | 0519229 | 205192290 | 密集书库/ [索取号:O61-3/14=2] | 在馆 | |
| 25 | 0519230 | 205192307 | 密集书库/ [索取号:O61-3/14=2] | 在馆 | |
| 26 | 0519231 | 205192316 | 密集书库/ [索取号:O61-3/14=2] | 在馆 | |
| 27 | 0519232 | 205192325 | 密集书库/ [索取号:O61-3/14=2] | 在馆 | |
| 28 | 0519233 | 205192334 | 密集书库/ [索取号:O61-3/14=2] | 在馆 | |
| 29 | 0519234 | 205192343 | 密集书库/ [索取号:O61-3/14=2] | 在馆 | |
| 30 | 0519235 | 205192352 | 密集书库/ [索取号:O61-3/14=2] | 在馆 | |
| 31 | 0519236 | 205192361 | 密集书库/ [索取号:O61-3/14=2] | 在馆 | |
| 32 | 0519237 | 205192370 | 密集书库/ [索取号:O61-3/14=2] | 在馆 | |
| 33 | 0519238 | 205192389 | 密集书库/ [索取号:O61-3/14=2] | 在馆 |